[Event "European Individual Championship (Women)"]
[Site "Plovdiv BUL"]
[Date "2008.05.01"]
[EventDate "2008.04.21"]
[Round "10"]
[Result "1/2-1/2"]
[White "Kubra Ozturk"]
[Black "Monica Calzetta Ruiz"]
[WhiteElo "2169"]
[BlackElo "2264"]
[PlyCount "119"]

1. d4 Nf6 2. c4 g6 3. Nf3 Bg7 4. g3 O-O 5. Bg2 d6 6. Nc3 Nc6
7. O-O a6 8. e4 Bg4 9. Be3 Nd7 10. Ne2 Na5 11. b3 c5 12. Rc1
Nc6 13. d5 Nb4 14. a3 Nd3 15. Qxd3 Bxf3 16. Bxf3 Ne5 17. Qc2
Nxf3+ 18. Kg2 Ne5 19. f4 Ng4 20. Bg1 b5 21. h3 Nf6 22. g4 bxc4
23. Qxc4 Nd7 24. Rf3 Bb2 25. Rc2 Bxa3 26. Ra2 Bb4 27. Rxa6 Qc7
28. Rxa8 Rxa8 29. Nc1 Qa5 30. Nd3 Nb6 31. Qc2 Qb5 32. Bf2 Ra3
33. f5 Ba5 34. Nb2 Ra1 35. Nc4 Nxc4 36. bxc4 Qa6 37. f6 Bd8
38. fxe7 Bxe7 39. Qb2 Qa7 40. e5 Ra2 41. Qb5 dxe5 42. Qe8+ Bf8
43. Qxe5 Qd7 44. Rb3 Bd6 45. Qf6 Qc7 46. Re3 Qd7 47. Re4 Rc2
48. h4 Bf8 49. Qc6 Qd8 50. g5 Qa5 51. Qf6 Qc7 52. Qf4 Qd7
53. Qe5 h6 54. h5 Qf5 55. Qxf5 gxf5 56. Rf4 hxg5 57. Rxf5 Rxc4
58. Rxg5+ Kh7 59. Rf5 Kg7 60. Kf3 1/2-1/2

[Event "European Individual Championship (Women)"]
[Site "Plovdiv BUL"]
[Date "2008.05.02"]
[EventDate "2008.04.21"]
[Round "11"]
[Result "0-1"]
[White "Natalija Popova"]
[Black "Kubra Ozturk"]
[WhiteElo "2239"]
[BlackElo "2169"]
[PlyCount "88"]

1. e4 e5 2. Nf3 Nc6 3. Bb5 a6 4. Ba4 Nf6 5. O-O b5 6. Bb3 Bb7
7. d3 Be7 8. a4 d6 9. Bd2 O-O 10. Nc3 b4 11. Nd5 Nxd5 12. Bxd5
Rb8 13. Qe1 Qd7 14. a5 Nd4 15. Nxd4 exd4 16. Bb3 c5 17. f4 d5
18. e5 f5 19. exf6 Bxf6 20. Qf2 Bc6 21. f5 Bb5 22. Ba2 Rfe8
23. Rae1 Bc6 24. Qg3 Kh8 25. Re6 Rbc8 26. Rfe1 Rxe6 27. fxe6
Qe7 28. Qg4 Rd8 29. Bf4 Ba4 30. Re2 c4 31. dxc4 d3 32. cxd3 b3
33. Bb1 dxc4 34. Qf5 Bc6 35. h3 cxd3 36. Rd2 g6 37. Qg4 Be4
38. Kh2 h5 39. Qd1 Qxe6 40. Bxd3 Qf5 41. Rf2 Rxd3 42. Qc1 Bxg2
43. Kg1 Bf3 44. Bd2 Qxh3 0-1

[Event "EU-ch U18 Girls 18th"]
[Site "Herceg Novi MNE"]
[Date "2008.09.15"]
[EventDate "2008.09.15"]
[Round "1.7"]
[Result "0-1"]
[White "Giulia Tonel"]
[Black "Kubra Ozturk"]
[WhiteElo "1983"]
[BlackElo "2188"]
[PlyCount "44"]

1. e4 e5 2. f4 d5 3. exd5 exf4 4. Nf3 Qxd5 5. Nc3 Qa5 6. Bc4
Nf6 7. Qe2+ Be7 8. O-O Nc6 9. d4 O-O 10. Bxf4 Bg4 11. Be3 Bb4
12. Nd1 Rae8 13. c3 Bd6 14. Qf2 Qh5 15. Bd3 Ne4 16. Bxe4 Rxe4
17. h3 Bxh3 18. gxh3 Qxh3 19. Qd2 Rg4+ 20. Kf2 Rg2+ 21. Ke1
Rxd2 22. Nxd2 f5 0-1

[Event "EU-ch U18 Girls 18th"]
[Site "Herceg Novi MNE"]
[Date "2008.09.16"]
[EventDate "2008.09.15"]
[Round "2.6"]
[Result "1-0"]
[White "Kubra Ozturk"]
[Black "Marianna Chierici"]
[WhiteElo "2188"]
[BlackElo "2037"]
[PlyCount "57"]

1. d4 f5 2. c4 Nf6 3. Nf3 e6 4. g3 d5 5. Bg2 c6 6. O-O Bd6
7. Bf4 Bxf4 8. gxf4 O-O 9. e3 b6 10. Ne5 Nfd7 11. Nxc6 Nxc6
12. cxd5 Ne7 13. dxe6 Nf6 14. Bxa8 Bxe6 15. Bg2 Ng6 16. Nc3
Nh4 17. h3 h6 18. Qe2 Bf7 19. Rac1 Kh8 20. Rc2 Re8 21. Rfc1
Nh5 22. Qf1 g5 23. fxg5 Qxg5 24. f4 Qg3 25. Qf2 Rxe3 26. Ne2
Rxe2 27. Rxe2 Nxg2 28. Qxg3 Nxg3 29. Rxg2 1-0

[Event "EU-ch U18 Girls 18th"]
[Site "Herceg Novi MNE"]
[Date "2008.09.17"]
[EventDate "2008.09.15"]
[Round "3.4"]
[Result "0-1"]
[White "Wiktoria Wierzbicka"]
[Black "Kubra Ozturk"]
[WhiteElo "2033"]
[BlackElo "2188"]
[PlyCount "78"]

1. e4 e5 2. Nf3 Nc6 3. Bb5 a6 4. Ba4 Nf6 5. O-O b5 6. Bb3 Bb7
7. d3 Be7 8. Re1 O-O 9. a3 d6 10. Nbd2 h6 11. Nf1 Re8 12. Ba2
Bf8 13. c3 d5 14. Nh4 dxe4 15. Qb3 Qd7 16. Ng6 exd3 17. Re3 e4
18. Nxf8 Rxf8 19. Rh3 Ne5 20. Be3 Qd6 21. Ng3 Bc8 22. Rh4 Be6
23. Qd1 Bxa2 24. Rxa2 Ng6 25. Rh3 Qd5 26. Ra1 Rad8 27. Bd4 Rd6
28. b4 Re8 29. Qd2 Qg5 30. Be3 Qe5 31. Bd4 Rxd4 32. cxd4 Qxd4
33. Re1 c5 34. bxc5 Qxc5 35. Qb4 Qc2 36. Qb1 Rc8 37. Kf1 d2
38. Qxc2 dxe1=Q+ 39. Kxe1 Rxc2 0-1

[Event "EU-ch U18 Girls 18th"]
[Site "Herceg Novi MNE"]
[Date "2008.09.19"]
[EventDate "2008.09.15"]
[Round "5.1"]
[Result "1-0"]
[White "Olga Girya"]
[Black "Kubra Ozturk"]
[WhiteElo "2350"]
[BlackElo "2188"]
[PlyCount "30"]

1. e4 e5 2. Nf3 Nc6 3. Nc3 Nf6 4. d4 exd4 5. Nxd4 Bb4 6. Nxc6
bxc6 7. Bd3 d6 8. Bg5 h6 9. Bh4 Rb8 10. O-O g5 11. Bg3 Bg4
12. f3 Be6 13. f4 gxf4 14. Bh4 Bc5+ 15. Kh1 Bd4 1-0

[Event "EU-ch U18 Girls 18th"]
[Site "Herceg Novi MNE"]
[Date "2008.09.21"]
[EventDate "2008.09.15"]
[Round "6.2"]
[Result "1-0"]
[White "Kubra Ozturk"]
[Black "Melanie Ohme"]
[WhiteElo "2188"]
[BlackElo "2245"]
[PlyCount "97"]

1. d4 Nf6 2. c4 g6 3. Nf3 Bg7 4. g3 O-O 5. Bg2 d6 6. O-O Nc6
7. Nc3 a6 8. e4 Bg4 9. Be3 Re8 10. h3 Bxf3 11. Bxf3 e5 12. d5
Nd4 13. Bg2 c5 14. dxc6 bxc6 15. Bxd4 exd4 16. Qxd4 Nxe4
17. Qd3 Nxc3 18. bxc3 Qc7 19. Rfd1 Re6 20. Rab1 Rae8 21. Qf3
Rc8 22. h4 Re5 23. Rd2 Qe7 24. Kh2 Rc5 25. Qd3 Be5 26. f4 Bxf4
27. gxf4 Qxh4+ 28. Kg1 Qxf4 29. Qxd6 Qxc4 30. Qd7 Rf8 31. Rc1
Rg5 32. Qd4 Qe6 33. Rf1 c5 34. Qf4 Rf5 35. Qe4 Re5 36. Qh4 Re3
37. c4 Qe5 38. Qf6 Qc7 39. Qd6 Qa5 40. Rdf2 Re1 41. Bd5 Rxf1+
42. Kxf1 Qa3 43. Kg2 Qe3 44. Qf6 Qe8 45. Qxa6 Qd7 46. Qf6 Qg4+
47. Kh2 Qd7 48. a4 Qc7+ 49. Kg2 1-0

[Event "EU-ch U18 Girls 18th"]
[Site "Herceg Novi MNE"]
[Date "2008.09.22"]
[EventDate "2008.09.15"]
[Round "7.1"]
[Result "1/2-1/2"]
[White "Kubra Ozturk"]
[Black "Katerina Nemcova"]
[WhiteElo "2188"]
[BlackElo "2372"]
[PlyCount "248"]

1. d4 Nf6 2. c4 e6 3. Nf3 Bb4+ 4. Nbd2 b6 5. e3 Bb7 6. Bd3 O-O
7. a3 Bxd2+ 8. Bxd2 Ne4 9. O-O d6 10. Ne1 f5 11. f3 Nxd2
12. Qxd2 Qg5 13. Rf2 Nd7 14. Bf1 Nf6 15. Nd3 Rae8 16. c5 Rf7
17. cxd6 cxd6 18. Nf4 Nd5 19. Bb5 Rc8 20. Nxe6 Qxe3 21. Qxe3
Nxe3 22. Re1 Nd5 23. Ng5 Rfc7 24. Rfe2 Nf6 25. Bd3 g6 26. Re6
Rf8 27. Rxd6 Bd5 28. Nh3 Bb3 29. Nf4 Kf7 30. Bb5 Rfc8 31. Nd3
Kg7 32. h3 h6 33. Ba6 Ne8 34. Bxc8 Nxd6 35. Be6 Bxe6 36. Rxe6
Nb5 37. Ne5 Nxd4 38. Rxg6+ Kh7 39. Rd6 Rc1+ 40. Kh2 Nb5
41. Rd7+ Kg8 42. Kg3 Rc2 43. a4 Nc7 44. Rd6 b5 45. b3 bxa4
46. bxa4 f4+ 47. Kxf4 Rxg2 48. Ng4 Rc2 49. Nxh6+ Kf8 50. Nf5
Kf7 51. Nd4 Rc4 52. Ke5 Rc5+ 53. Ke4 Rc1 54. f4 Ke7 55. Nf5+
Kf7 56. Ne3 Ke7 57. Rd1 Rc3 58. h4 Ra3 59. Nf5+ Ke8 60. Rd4
Ne6 61. Nd6+ Kf8 62. Nb5 Rh3 63. Rc4 Rxh4 64. Ke5 Ke7 65. Nxa7
Rh1 66. Nc8+ Kd7 67. Nb6+ Ke7 68. Nd5+ Kd7 69. Nf6+ Ke7 70. f5
Nd8 71. Rc7+ Kf8 72. Rc8 Ke7 73. Nd5+ Kd7 74. Nb6+ Ke8 75. Kd6
Rh6+ 76. Kc5 Rf6 77. a5 Rxf5+ 78. Nd5 Rf1 79. Kd6 Ra1 80. Nc7+
Kf7 81. Rxd8 Rxa5 82. Nd5 Ra1 83. Ke5 Re1+ 84. Kf5 Rf1+
85. Nf4 Ke7 86. Rd2 Rf3 87. Ke4 Ra3 88. Ng6+ Ke6 89. Nf4+ Ke7
90. Rd5 Ra1 91. Re5+ Kd6 92. Re6+ Kd7 93. Rb6 Ra5 94. Nd3 Kc7
95. Rh6 Rg5 96. Kd4 Ra5 97. Ne5 Ra1 98. Rc6+ Kb7 99. Rc2 Ra5
100. Nd3 Rh5 101. Nf4 Rh4 102. Ke5 Rh6 103. Ne6 Kb6 104. Rb2+
Kc6 105. Nd4+ Kc5 106. Rc2+ Kb4 107. Rc8 Rh5+ 108. Ke4 Rh4+
109. Ke3 Rh3+ 110. Kd2 Rh2+ 111. Ne2 Kb5 112. Kd3 Rh3+
113. Ke4 Rh4+ 114. Nf4 Kb6 115. Ke5 Kb7 116. Rc4 Rh6 117. Nd5
Rh5+ 118. Kd6 Rh6+ 119. Ke5 Rh5+ 120. Ke4 Rh4+ 121. Nf4 Kb6
122. Kd5 Rh6 123. Rb4+ Ka5 124. Kc5 Rc6+ 1/2-1/2

[Event "Mindsports"]
[Site "Beijing CHN"]
[Date "2008.10.04"]
[EventDate "2008.10.04"]
[Round "1"]
[Result "1-0"]
[White "Kubra Ozturk"]
[Black "Mariya Muzychuk"]
[WhiteElo "2254"]
[BlackElo "2436"]
[PlyCount "119"]

1. d4 f5 2. Nf3 Nf6 3. g3 g6 4. Bg2 Bg7 5. O-O O-O 6. b4 Nc6
7. b5 Na5 8. Nbd2 Ne4 9. Bb2 c5 10. Nxe4 fxe4 11. Ng5 d5
12. Bc3 Nc4 13. Nh3 Bg4 14. Rb1 Qd7 15. Ng5 h6 16. h3 Bf5
17. g4 hxg5 18. gxf5 gxf5 19. Rb3 cxd4 20. Bxd4 e5 21. Bc5
Rfc8 22. Bb4 Rc7 23. a4 a6 24. Bd2 axb5 25. axb5 Ra2 26. Bxg5
f4 27. Qb1 Ra8 28. Rd1 Qe6 29. c3 Rf8 30. Qc2 Bf6 31. Bxf6
Rxf6 32. Kh2 Rg7 33. Rg1 Rfg6 34. Rbb1 Nd6 35. Qd2 Nf5
36. Rbd1 Nh4 37. Bxe4 dxe4 38. Qd8+ Kf7 39. Rd7+ Qxd7
40. Qxd7+ Kf6 41. Qd6+ Kf7 42. Rxg6 Nxg6 43. Qd5+ Kf6 44. Qxe4
Rd7 45. c4 Ne7 46. c5 Rd5 47. c6 bxc6 48. bxc6 Rc5 49. e3 fxe3
50. Qxe3 Rxc6 51. Qf3+ Ke6 52. h4 Rc4 53. Qh3+ Kd6 54. h5 Nf5
55. Qxf5 Rf4 56. Qg6+ Kd5 57. Kg3 Rb4 58. h6 Rb3+ 59. f3 e4
60. Qxe4+ 1-0

[Event "Mindsports"]
[Site "Beijing CHN"]
[Date "2008.10.04"]
[EventDate "2008.10.04"]
[Round "2"]
[Result "0-1"]
[White "Elisabeth Paehtz"]
[Black "Kubra Ozturk"]
[WhiteElo "2471"]
[BlackElo "2254"]
[PlyCount "116"]

1. e4 e5 2. Nf3 Nc6 3. Bc4 Nf6 4. d3 Be7 5. Bb3 d6 6. c3 O-O
7. Nbd2 Kh8 8. Nf1 d5 9. Qe2 h6 10. Ng3 Be6 11. O-O Qd6 12. h3
Rae8 13. Be3 a6 14. Rfd1 Na5 15. Bc2 c5 16. d4 cxd4 17. cxd4
Nc6 18. dxe5 Nxe5 19. Nxe5 Qxe5 20. Bd4 Qc7 21. e5 Ng8
22. Rac1 Qd7 23. f4 g6 24. a3 f5 25. Nf1 Kh7 26. Ne3 Bd8
27. Bc5 Be7 28. Bd4 Rc8 29. Bb3 Rfd8 30. Kh2 Rc6 31. Bc2 Rdc8
32. Qd2 Bc5 33. Ba4 b5 34. Bxc5 Rxc5 35. Rxc5 Rxc5 36. Bc2 Ne7
37. Bb1 Qc7 38. Nc2 Rc4 39. Nd4 Bf7 40. Qe3 b4 41. e6 Be8
42. axb4 Nc6 43. Nf3 Rxf4 44. Kh1 Rxb4 45. Rxd5 Rxb2 46. Rd1
Qb6 47. Qd3 Nb4 48. Qc3 Nd5 49. Qe1 Bc6 50. Bd3 Ne7 51. Rb1
Rxb1 52. Bxb1 Qb7 53. Qf1 a5 54. Bd3 a4 55. Nd4 Bd5 56. Bb5 a3
57. Bd7 a2 58. Qa1 Qb1+ 0-1

[Event "Mindsports"]
[Site "Beijing CHN"]
[Date "2008.10.04"]
[EventDate "2008.10.04"]
[Round "4"]
[Result "1-0"]
[White "Yifan Hou"]
[Black "Kubra Ozturk"]
[WhiteElo "2578"]
[BlackElo "2254"]
[PlyCount "89"]

1. e4 e5 2. Nf3 Nc6 3. Bb5 a6 4. Ba4 Nf6 5. O-O b5 6. Bb3 Bb7
7. Re1 Be7 8. d3 O-O 9. a4 d6 10. Nbd2 Na5 11. Ba2 c5 12. c3
Nc6 13. Nf1 h6 14. Ng3 Re8 15. Nf5 Bf8 16. N3h4 d5 17. exd5
Nxd5 18. Qg4 Kh7 19. Nxh6 Nf6 20. Qf5+ g6 21. Qg5 Ng8 22. Nxf7
Qxg5 23. Nxg5+ Kg7 24. Ne6+ Rxe6 25. Bxe6 Be7 26. Nf3 Bf6
27. axb5 axb5 28. Rxa8 Bxa8 29. Be3 Nd8 30. Bxg8 Kxg8 31. Bxc5
Ne6 32. Bd6 Nf4 33. Nxe5 Nxg2 34. Ra1 Bd5 35. c4 bxc4 36. dxc4
Be4 37. f3 Bxe5 38. fxe4 Bxd6 39. Kxg2 Be5 40. Ra8+ Kf7 41. b4
Bd4 42. c5 Ke6 43. c6 Bb6 44. b5 Ke5 45. Rb8 1-0

[Event "Mindsports"]
[Site "Beijing CHN"]
[Date "2008.10.04"]
[EventDate "2008.10.04"]
[Round "5"]
[Result "1/2-1/2"]
[White "Dronavalli Harika"]
[Black "Kubra Ozturk"]
[WhiteElo "2461"]
[BlackElo "2254"]
[PlyCount "226"]

1. Nf3 Nf6 2. c4 c5 3. Nc3 Nc6 4. g3 g6 5. Bg2 Bg7 6. d4 cxd4
7. Nxd4 O-O 8. O-O Nxd4 9. Qxd4 d6 10. Qd2 Rb8 11. b3 a6
12. Bb2 b5 13. Nd5 Nd7 14. Bxg7 Kxg7 15. Nb4 Bb7 16. cxb5 axb5
17. Qd4+ f6 18. Rfc1 Nc5 19. Nd3 Bxg2 20. Kxg2 Nxd3 21. Qxd3
Qb6 22. Rc2 Rfc8 23. Rac1 Rxc2 24. Qxc2 Ra8 25. Qe4 Ra7
26. Rc8 Qb7 27. Qxb7 Rxb7 28. Ra8 Rc7 29. Ra5 Rc2 30. Kf3 b4
31. Ra4 Kf7 32. Rxb4 Rxa2 33. Rb8 Rb2 34. e3 h5 35. h4 g5
36. hxg5 fxg5 37. b4 h4 38. gxh4 gxh4 39. b5 h3 40. b6 h2
41. Rh8 Rxb6 42. Rxh2 Rb2 43. Rh4 Ke6 44. Rh6+ Kd7 45. Kg3 Rb3
46. Rg6 Rb4 47. f3 Rb2 48. e4 Ke8 49. Rg7 Kd7 50. Kf4 Ke6
51. Rh7 Rb5 52. Rh6+ Kf7 53. Kg4 Re5 54. Rh4 d5 55. Kf4 Re6
56. exd5 Rf6+ 57. Ke4 Ke8 58. Rf4 Ra6 59. Ke5 Kd7 60. Rf8 Ra2
61. Rf4 Re2+ 62. Re4 Rd2 63. f4 Rf2 64. Ra4 Re2+ 65. Re4 Rf2
66. Re1 Ke8 67. f5 Kd7 68. Re4 Rf1 69. Re2 Rf3 70. Ra2 Re3+
71. Kd4 Rf3 72. Ra7+ Kd6 73. Ra6+ Kd7 74. Ke4 Rf1 75. Ra3 Re1+
76. Re3 Rf1 77. Ke5 Rf2 78. Re1 Rf3 79. Rh1 Rf2 80. Rh7 Re2+
81. Kd4 Rf2 82. Ke4 Re2+ 83. Kf3 Re5 84. Kf4 Re1 85. Rh3 Rf1+
86. Rf3 Rd1 87. Ke4 Re1+ 88. Re3 Rf1 89. Ke5 Rf2 90. Re4 Rf1
91. Rd4 Re1+ 92. Kf4 Rf1+ 93. Kg5 Rg1+ 94. Kh6 Kd6 95. Re4
Rh1+ 96. Kg6 Rg1+ 97. Kf7 Rf1 98. Kg6 Rg1+ 99. Kh6 Rh1+
100. Kg5 Rg1+ 101. Kh5 Rh1+ 102. Kg4 Rg1+ 103. Kf4 Rf1+
104. Kg5 Rg1+ 105. Kh6 Rh1+ 106. Kg7 Rg1+ 107. Kf7 Rf1
108. Re6+ Kxd5 109. Kg6 Rg1+ 110. Kh5 Rh1+ 111. Kg6 Rg1+
112. Kf7 Rf1 113. Rxe7 Rxf5+ 1/2-1/2

[Event "Mindsports"]
[Site "Beijing CHN"]
[Date "2008.10.04"]
[EventDate "2008.10.04"]
[Round "6"]
[Result "0-1"]
[White "Kubra Ozturk"]
[Black "Yuhua Xu"]
[WhiteElo "2254"]
[BlackElo "2477"]
[PlyCount "42"]

1. d4 e6 2. Nf3 Nf6 3. c4 b6 4. e3 Bb7 5. Be2 d5 6. O-O Bd6
7. Nc3 a6 8. a3 O-O 9. Qc2 Nbd7 10. b4 dxc4 11. Bxc4 Bxf3
12. gxf3 e5 13. dxe5 Nxe5 14. Be2 Qd7 15. f4 Qh3 16. fxe5 Ng4
17. Bxg4 Qxg4+ 18. Kh1 Qf3+ 19. Kg1 Bxe5 20. Ra2 Qg4+ 21. Kh1
Qh3 0-1

[Event "Mindsports"]
[Site "Beijing CHN"]
[Date "2008.10.04"]
[EventDate "2008.10.04"]
[Round "7"]
[Result "0-1"]
[White "Kubra Ozturk"]
[Black "Natalia Pogonina"]
[WhiteElo "2254"]
[BlackElo "2474"]
[PlyCount "69"]

1. d4 Nf6 2. Nf3 c5 3. c4 cxd4 4. Nxd4 g6 5. g3 Nc6 6. Bg2 Bg7
7. Nc3 O-O 8. O-O Nxd4 9. Qxd4 d6 10. Qd1 Rb8 11. b3 Bd7
12. Bb2 Bc6 13. Nd5 Bxd5 14. cxd5 Qa5 15. Qd3 Rfc8 16. e4 Nd7
17. Bxg7 Kxg7 18. Qd4+ Nf6 19. e5 dxe5 20. Qxe5 Qc7 21. Qd4
Qc5 22. Qd3 Rd8 23. Rac1 Qd6 24. Rfd1 Rbc8 25. Rc4 Rc5 26. Qd4
b6 27. Rdc1 Rdc8 28. b4 Rxc4 29. Rxc4 Rxc4 30. Qxc4 Qe5 31. h3
h5 32. Kh2 Qb2 33. Qf4 Qxa2 34. d6 exd6 35. Qxd6 0-1

[Event "Mindsports"]
[Site "Beijing CHN"]
[Date "2008.10.04"]
[EventDate "2008.10.04"]
[Round "8"]
[Result "1-0"]
[White "Tatjana Vasilevich"]
[Black "Kubra Ozturk"]
[WhiteElo "2368"]
[BlackElo "2254"]
[PlyCount "53"]

1. d4 d5 2. c4 dxc4 3. e3 Nf6 4. Bxc4 c5 5. Nf3 e6 6. O-O a6
7. a4 Be7 8. Qe2 cxd4 9. exd4 Nc6 10. Rd1 O-O 11. Nc3 Nb4
12. Ne5 Nbd5 13. Bg5 h6 14. Bh4 Nb6 15. Bd3 Nfd5 16. Bg3 Bb4
17. Rac1 Bxc3 18. bxc3 Nxa4 19. Bb1 Nab6 20. c4 Nf6 21. Bh4
Qe7 22. Ng4 Nbd7 23. Qc2 Rd8 24. Re1 Nf8 25. d5 Qd6 26. Bxf6
gxf6 27. Nxf6+ 1-0

[Event "Mindsports"]
[Site "Beijing CHN"]
[Date "2008.10.04"]
[EventDate "2008.10.04"]
[Round "9"]
[Result "0-1"]
[White "Kubra Ozturk"]
[Black "Ghate Swathi"]
[WhiteElo "2254"]
[BlackElo "2320"]
[PlyCount "77"]

1. d4 Nf6 2. c4 e6 3. Nf3 b6 4. e3 Bb7 5. Be2 d5 6. O-O Nbd7
7. Nc3 Be7 8. cxd5 exd5 9. Ne5 O-O 10. b3 c5 11. Bb2 Rc8
12. Rc1 Bd6 13. f4 cxd4 14. exd4 Ne4 15. Nxe4 Rxc1 16. Qxc1
dxe4 17. Bb5 Nf6 18. Bc6 Ba6 19. Re1 Qe7 20. Qe3 Bb7 21. Bxb7
Qxb7 22. Rc1 Rc8 23. Rc4 b5 24. Rxc8+ Qxc8 25. h3 Qc2 26. Bc1
Nd5 27. Nc6 Qf2+ 28. Kxf2 f6 29. Nxa7 Bxf4 30. Nc6 b4 31. Na5
f5 32. Nc4 g6 33. h4 h6 34. g4 g5 35. hxg5 hxg5 36. Qxe4 Bg3+
37. Kxg3 fxe4 38. Kg2 e3 39. Kf1 0-1

[Event "Mindsports"]
[Site "Beijing CHN"]
[Date "2008.10.04"]
[EventDate "2008.10.04"]
[Round "10"]
[Result "0-1"]
[White "Zhaoqin Peng"]
[Black "Kubra Ozturk"]
[WhiteElo "2455"]
[BlackElo "2254"]
[PlyCount "78"]

1. d4 d5 2. c4 dxc4 3. Nf3 Nf6 4. Qa4+ c6 5. Qxc4 b5 6. Qc2
Bb7 7. e4 e6 8. Bd3 Nbd7 9. O-O Qb6 10. Nc3 a6 11. e5 Nd5
12. Nxd5 cxd5 13. a4 Rc8 14. Qe2 Bc6 15. a5 Qb8 16. Ng5 Be7
17. Qh5 g6 18. Qf3 O-O 19. Qh3 Bxg5 20. Bxg5 Nxe5 21. dxe5
Qxe5 22. Be7 Rfe8 23. Bb4 Qxb2 24. Rab1 Qe5 25. Rb3 d4 26. Bd2
Qd5 27. Rbb1 e5 28. f3 Qe6 29. Rfc1 Qxh3 30. gxh3 Bxf3 31. Kf2
e4 32. Bh6 Rcd8 33. Be2 Bxe2 34. Kxe2 d3+ 35. Ke3 d2 36. Rd1
Rd3+ 37. Ke2 Rxh3 38. Rh1 Rxh6 39. Kxd2 Rh3 0-1

[Event "Mindsports"]
[Site "Beijing CHN"]
[Date "2008.10.04"]
[EventDate "2008.10.04"]
[Round "11"]
[Result "0-1"]
[White "Kubra Ozturk"]
[Black "Yelena Dembo"]
[WhiteElo "2254"]
[BlackElo "2446"]
[PlyCount "101"]

1. d4 Nf6 2. c4 g6 3. Nf3 Bg7 4. g3 O-O 5. Bg2 d6 6. O-O Nc6
7. Nc3 Bf5 8. h3 h5 9. Re1 e5 10. d5 Ne7 11. e4 Bd7 12. Be3
Ne8 13. Nd2 c5 14. a3 f5 15. Ne2 Nf6 16. Kh2 h4 17. f4 fxe4
18. fxe5 dxe5 19. Nxe4 Nxe4 20. Bxe4 Qc8 21. g4 Bxg4 22. hxg4
Qxg4 23. Bg2 Nf5 24. Bf2 e4 25. Ng1 Be5+ 26. Kh1 Ng3+ 27. Kh2
Qxd1 28. Raxd1 Rxf2 29. Kh3 Rxb2 30. Rxe4 Nxe4 31. Bxe4 g5
32. Nf3 Bf4 33. Rg1 Rb3 34. Kg4 Re8 35. Bf5 Ree3 36. Be6+ Kg7
37. Rf1 Kf6 38. Bc8 b6 39. d6 Rxa3 40. Bb7 Ke6 41. Bd5+ Kxd6
42. Rd1 Kc7 43. Rf1 a5 44. Kf5 a4 45. Nd2 Re5+ 46. Kf6 h3
47. Ne4 h2 48. Nxg5 Rxg5 49. Rxf4 Rxd5 50. cxd5 h1=Q 51. Ke5
0-1

[Event "Mindsports"]
[Site "Beijing CHN"]
[Date "2008.10.05"]
[EventDate "2008.10.05"]
[Round "1"]
[Result "1/2-1/2"]
[White "Mariya Muzychuk"]
[Black "Kubra Ozturk"]
[WhiteElo "2436"]
[BlackElo "2254"]
[PlyCount "93"]

1. e4 e5 2. Nf3 Nc6 3. d4 exd4 4. Nxd4 Bc5 5. Be3 Qf6 6. c3
Qg6 7. Qf3 Bxd4 8. Bxd4 Nge7 9. Bc4 Nxd4 10. cxd4 Nc6 11. O-O
Nxd4 12. Qc3 Nc6 13. Nd2 O-O 14. f4 Qd6 15. Kh1 Qd4 16. Rac1
Qxc3 17. Rxc3 d6 18. Bd5 Bd7 19. a3 Rac8 20. Rfc1 g6 21. b4 a6
22. h3 Kg7 23. g4 Rfe8 24. Rc4 Re7 25. a4 Be8 26. b5 axb5
27. axb5 Na5 28. Ra4 b6 29. Rb4 f6 30. Nf3 c5 31. bxc6 Bxc6
32. Bxc6 Rxc6 33. Rxc6 Nxc6 34. Rxb6 Rc7 35. Kg2 Kf7 36. Kg3
Ke7 37. g5 fxg5 38. Nxg5 h6 39. Nf3 Nd8 40. e5 Nf7 41. h4 h5
42. exd6+ Nxd6 43. Ne5 Nf5+ 44. Kh2 Rc2+ 45. Kh3 Rc3+ 46. Kh2
Rc2+ 47. Kh3 1/2-1/2

[Event "Mindsports"]
[Site "Beijing CHN"]
[Date "2008.10.05"]
[EventDate "2008.10.05"]
[Round "3"]
[Result "1-0"]
[White "Jovanka Houska"]
[Black "Kubra Ozturk"]
[WhiteElo "2399"]
[BlackElo "2254"]
[PlyCount "77"]

1. d4 d5 2. Nf3 Nf6 3. e3 e6 4. c4 dxc4 5. Bxc4 c5 6. O-O a6
7. dxc5 Qxd1 8. Rxd1 Bxc5 9. b3 b5 10. Be2 Bb7 11. Bb2 Nbd7
12. Nbd2 O-O 13. Rac1 Rac8 14. a3 Be7 15. Nd4 Nc5 16. f3 Nd5
17. Kf2 Rfd8 18. g3 Bf6 19. Ba1 e5 20. Nf5 Kf8 21. b4 Na4
22. Ne4 Ne7 23. Rxc8 Rxc8 24. Nfd6 Bxe4 25. Nxc8 Nxc8 26. fxe4
Ke7 27. Rc1 Nd6 28. Rc7+ Kd8 29. Ra7 Nxe4+ 30. Ke1 Bg5
31. Rxa6 Bxe3 32. Bxb5 Nac3 33. Bxc3 Nxc3 34. Bc4 f6 35. a4
Kc7 36. a5 Ne4 37. b5 Nc5 38. Ra7+ Nb7 39. b6+ 1-0

[Event "Mindsports"]
[Site "Beijing CHN"]
[Date "2008.10.06"]
[EventDate "2008.10.05"]
[Round "4"]
[Result "1-0"]
[White "Kubra Ozturk"]
[Black "Petra Schuurman"]
[WhiteElo "2254"]
[BlackElo "2324"]
[PlyCount "71"]

1. d4 Nf6 2. c4 b6 3. Nf3 Bb7 4. e3 Ne4 5. Nbd2 e6 6. a3 Be7
7. Bd3 f5 8. O-O O-O 9. Qc2 Nxd2 10. Nxd2 Qe8 11. e4 Nc6
12. Nf3 fxe4 13. Bxe4 Rxf3 14. gxf3 Nxd4 15. Qd3 Bxe4 16. fxe4
c5 17. Kh1 Qh5 18. f4 Rf8 19. Be3 e5 20. Bxd4 exd4 21. Rae1
Rf6 22. e5 Rh6 23. Re2 Qf7 24. f5 Bg5 25. b3 Be3 26. Qe4 Rc6
27. Rg2 Rc8 28. Rf3 Rf8 29. Rfg3 Bh6 30. f6 g5 31. h4 Kh8
32. hxg5 Rg8 33. Qf3 Qg6 34. gxh6 Qxh6+ 35. Rh3 Qc1+ 36. Kh2
1-0

[Event "Mindsports"]
[Site "Beijing CHN"]
[Date "2008.10.06"]
[EventDate "2008.10.05"]
[Round "5"]
[Result "1/2-1/2"]
[White "Tatjana Vasilevich"]
[Black "Kubra Ozturk"]
[WhiteElo "2368"]
[BlackElo "2254"]
[PlyCount "75"]

1. d4 d5 2. c4 dxc4 3. e3 c5 4. Bxc4 e6 5. Nf3 Nf6 6. O-O a6
7. a4 Be7 8. Qe2 cxd4 9. exd4 Nc6 10. Rd1 O-O 11. Nc3 Qc7
12. Bg5 h6 13. Bh4 b6 14. Rac1 Bb7 15. d5 exd5 16. Bxd5 Rad8
17. Qc4 Rd7 18. Bg3 Qc8 19. Bxc6 Qxc6 20. Qxc6 Bxc6 21. Ne5
Rxd1+ 22. Rxd1 Rc8 23. Nxc6 Rxc6 24. Be5 Re6 25. Bd4 Bc5
26. Bxc5 bxc5 27. Kf1 Ne4 28. Rd5 Nxc3 29. bxc3 Re4 30. Rxc5
Rxa4 31. Rc8+ Kh7 32. Ke2 Ra2+ 33. Ke3 a5 34. c4 a4 35. c5 a3
36. Ra8 Rc2 37. Rxa3 Rxc5 38. Rd3 1/2-1/2

[Event "Mindsports"]
[Site "Beijing CHN"]
[Date "2008.10.06"]
[EventDate "2008.10.05"]
[Round "6"]
[Result "0-1"]
[White "Kubra Ozturk"]
[Black "Zhaoqin Peng"]
[WhiteElo "2254"]
[BlackElo "2455"]
[PlyCount "52"]

1. Nf3 Nf6 2. e3 c5 3. d4 g6 4. c4 Bg7 5. Nc3 O-O 6. Be2 cxd4
7. exd4 d5 8. cxd5 Nxd5 9. h3 Nc6 10. O-O Be6 11. Ne4 Qc7
12. b3 Bf5 13. Ng3 Nc3 14. Qd2 Nxe2+ 15. Nxe2 Rad8 16. Bb2 Be4
17. Rfd1 Bxf3 18. gxf3 Rd5 19. Qe3 Rfd8 20. Rac1 e5 21. f4
exd4 22. Rxd4 Bxd4 23. Nxd4 Qb6 24. Nxc6 Qxe3 25. fxe3 Rd1+
26. Kf2 bxc6 0-1

[Event "Mindsports"]
[Site "Beijing CHN"]
[Date "2008.10.06"]
[EventDate "2008.10.05"]
[Round "7"]
[Result "0-1"]
[White "Tania Sachdev"]
[Black "Kubra Ozturk"]
[WhiteElo "2425"]
[BlackElo "2254"]
[PlyCount "98"]

1. d4 d5 2. Nf3 Nf6 3. c4 dxc4 4. Qa4+ c6 5. Qxc4 b5 6. Qc2
Bb7 7. e4 e6 8. Nc3 Nbd7 9. Bd3 Be7 10. O-O a6 11. Be3 Rc8
12. Qe2 c5 13. dxc5 Nxc5 14. Bxc5 Rxc5 15. Rfd1 Qb6 16. Qe3
Ng4 17. Qe2 Rh5 18. Nd4 Rg5 19. h4 Rg6 20. e5 Nxf2 21. Qxf2
Rg4 22. Bf1 Bxh4 23. Qe3 Bg5 24. Qf2 Bh4 25. Qe3 Bg5 26. Qf2
Bh4 27. Qe3 Bg5 28. Qe2 h5 29. Qf2 h4 30. Nc2 Qc6 31. Rd6 Qf3
32. Qxf3 Bxf3 33. Kf2 Bb7 34. Rb6 Rf4+ 35. Ke2 h3 36. gxh3
Bf3+ 37. Ke3 Rf5+ 38. Kd3 O-O 39. Nd4 Rf4 40. Nxf3 Rxf3+
41. Kc2 Be3 42. Rxa6 b4 43. Ne4 Rc8+ 44. Kb3 Bc1+ 45. Kxb4
Rxf1 46. Nd6 Rb8+ 47. Kc4 Rf4+ 48. Kd3 Bxb2 49. Nc4 Bxa1 0-1

[Event "Mindsports"]
[Site "Beijing CHN"]
[Date "2008.10.07"]
[EventDate "2008.10.05"]
[Round "8"]
[Result "1/2-1/2"]
[White "Nisha Mohota"]
[Black "Kubra Ozturk"]
[WhiteElo "2311"]
[BlackElo "2254"]
[PlyCount "75"]

1. d4 d5 2. c4 dxc4 3. e3 c5 4. Bxc4 e6 5. Nf3 Nf6 6. O-O a6
7. Bd3 Nc6 8. Nc3 Be7 9. a3 O-O 10. dxc5 Bxc5 11. b4 Be7
12. Bb2 b5 13. Qc2 Bb7 14. Ne4 h6 15. Nc5 Bxc5 16. bxc5 Rc8
17. Rac1 Qe7 18. Ne5 Rfd8 19. Rfd1 Rd5 20. Nxc6 Rxc6 21. Bxf6
Qxf6 22. Bh7+ Kh8 23. Rxd5 exd5 24. Bf5 Rc7 25. Bg4 g6 26. Qd2
Kh7 27. Bf3 Qe5 28. Qd4 Qf5 29. Rd1 Qc2 30. Bxd5 Bxd5 31. Qxd5
Qxc5 32. Qd8 Kg7 33. h3 Rc8 34. Qd7 Rc7 35. Qd8 Rc8 36. Qd7
Rc7 37. Qd8 Rc8 38. Qd7 1/2-1/2